| 000 | 00664nam a2200241Ia 4500 | ||
|---|---|---|---|
| 003 | OSt | ||
| 005 | 20220918165901.0 | ||
| 006 | a|||||r|||| 00| 0 | ||
| 007 | ta | ||
| 008 | 220917b |||||||| |||| 00| 0 eng d | ||
| 020 | _a8177550985 (hbk) | ||
| 024 | _a183,090 | ||
| 037 | _cTextual | ||
| 040 |
_aARTS _cARTS _beng |
||
| 041 |
_2eng _aeng |
||
| 082 | _aQ1:24x, (15(111P1)(SC) | ||
| 100 |
_aTeape W.M. _925925 |
||
| 245 | 0 | _aThe secret lore of India W.M. Teape | |
| 260 |
_aNew Delhi _bCosmo publications _c2001 |
||
| 300 |
_axvii,345p _ccm. |
||
| 942 |
_hQ1:24x, (15(111P1)(SC) _cTEXL _2CC |
||
| 999 |
_c131535 _d131535 |
||